World's Highest Death Rate Quiz Stats

 Plays Quiz not verified by Sporcle

Score 0/30 Timer 10:00
0 Plays Today
Continent Country Name % Correct
AfricaNiger
89.4%
AfricaSudan
86.6%
AfricaNigeria
85.1%
AfricaSomalia
83.5%
AfricaEthiopia
82.6%
AfricaChad
81.7%
AfricaRwanda
78%
AfricaMali
77.3%
AfricaAngola
72.7%
AfricaCentral African Republic
72.7%
AfricaRepublic of the Congo
72.4%
AfricaMozambique
72%
AfricaUganda
71.4%
AfricaSierra Leone
70.2%
AfricaZambia
69.3%
Continent Country Name % Correct
AfricaLiberia
68.9%
AfricaMadagascar
68.9%
AfricaGuinea
68.6%
AfricaMalawi
68%
AfricaDemocratic Republic of the Congo
66.1%
AfricaBenin
65.5%
AfricaSenegal
64.9%
AfricaBurundi
64.6%
AfricaBurkina Faso
62.7%
AfricaThe Gambia
62.1%
AsiaAfghanistan
59.3%
AfricaEquatorial Guinea
57.8%
AfricaMayotte (Comoros)
54%
AfricaSao Tome and Principe
46%
AsiaGaza Strip (Israel)
24.2%

You're not logged in!

Compare scores with friends on all Sporcle quizzes.
OR
Log In

Show Comments

Extras

Created Nov 3, 2010ReportNominate
Tags:Africa Quiz, Country Quiz, death

Top Quizzes Today


Score Distribution

Your Account Isn't Verified!

In order to create a playlist on Sporcle, you need to verify the email address you used during registration. Go to your Sporcle Settings to finish the process.

Report this User

Report this user for behavior that violates our Community Guidelines.

Details: